ARRUPE JESUIT UNIVERSITY

CORONAVIRUS -STOP THE SPREAD - CLEAN,DISINFECT,COVER

Trade reform and regional integration in Africa / (Record no. 127828)

MARC details
000 -LEADER
fixed length control field 01536cam a2200349 a 4500
001 - CONTROL NUMBER
control field 2141249
003 - CONTROL NUMBER IDENTIFIER
control field ARRUPE
005 - DATE AND TIME OF LATEST TRANSACTION
control field 20180328105611.0
008 - FIXED-LENGTH DATA ELEMENTS--GENERAL INFORMATION
fixed length control field 980819s1998 dcua b i100 0 eng
010 ## - LIBRARY OF CONGRESS CONTROL NUMBER
LC control number 98011659
020 ## - INTERNATIONAL STANDARD BOOK NUMBER
International Standard Book Number 1557757690
040 ## - CATALOGING SOURCE
Original cataloging agency DLC
Transcribing agency DLC
Modifying agency DLC
043 ## - GEOGRAPHIC AREA CODE
Geographic area code fb-----
050 00 - LIBRARY OF CONGRESS CALL NUMBER
Classification number HF1611
Item number .T734 1998
082 00 - DEWEY DECIMAL CLASSIFICATION NUMBER
Classification number 382/.3/0967
Edition number 21
300 ## - PHYSICAL DESCRIPTION
Other physical details ill. ;
Dimensions 23 cm.
245 00 - TITLE STATEMENT
Title Trade reform and regional integration in Africa /
Statement of responsibility, etc editors, Zubair Iqbal, Mohsin S. Khan.
260 ## - PUBLICATION, DISTRIBUTION, ETC. (IMPRINT)
Place of publication, distribution, etc Washington, D.C. :
Name of publisher, distributor, etc IMF Institute, International Monetary Fund,
Date of publication, distribution, etc c1998.
300 ## - PHYSICAL DESCRIPTION
Extent xii, 509 p. :
500 ## - GENERAL NOTE
General note "Papers presented at the IMF, African Economic Research Consortium seminar on Trade reform and regional integration in Africa, December 1-3, 1997."
504 ## - BIBLIOGRAPHY, ETC. NOTE
Bibliography, etc Includes bibliographical references.
651 #0 - SUBJECT ADDED ENTRY--GEOGRAPHIC NAME
Geographic name Africa, Sub-Saharan
General subdivision Commercial policy
Form subdivision Congresses.
9 (RLIN) 41155
651 #0 - SUBJECT ADDED ENTRY--GEOGRAPHIC NAME
Geographic name Africa, Sub-Saharan
General subdivision Economic conditions
-- Regional disparities
Form subdivision Congresses.
9 (RLIN) 41156
651 #0 - SUBJECT ADDED ENTRY--GEOGRAPHIC NAME
Geographic name Africa, Sub-Saharan
General subdivision Economic integration
Form subdivision Congresses.
9 (RLIN) 41157
651 #0 - SUBJECT ADDED ENTRY--GEOGRAPHIC NAME
Geographic name Africa, Sub-Saharan
General subdivision Foreign economic relations
Form subdivision Congresses.
9 (RLIN) 41158
700 1# - ADDED ENTRY--PERSONAL NAME
Personal name Iqbal, Zubair.
9 (RLIN) 41159
700 1# - ADDED ENTRY--PERSONAL NAME
Personal name Khan, Mohsin S.
9 (RLIN) 41160
710 2# - ADDED ENTRY--CORPORATE NAME
Corporate name or jurisdiction name as entry element International Monetary Fund.
9 (RLIN) 26656
710 2# - ADDED ENTRY--CORPORATE NAME
Corporate name or jurisdiction name as entry element African Economic Research Consortium.
9 (RLIN) 41161
906 ## - LOCAL DATA ELEMENT F, LDF (RLIN)
a 7
b cbc
c orignew
d 1
e ocip
f 19
g y-gencatlg
942 ## - ADDED ENTRY ELEMENTS (KOHA)
Source of classification or shelving scheme Library of Congress Classification
Koha item type Monograph ( Printed materials)
Holdings
Withdrawn status Lost status Source of classification or shelving scheme Damaged status Not for loan Collection code Home library Current library Shelving location Date acquired Total Checkouts Full call number Barcode Date last seen Date checked out Price effective from Koha item type
    Library of Congress Classification     Main Collection ARRUPE LIBRARY ARRUPE LIBRARY Main Collection 28/03/2018 1 HF1611 .T734 1998 46600001957 26/11/2018 05/11/2018 28/03/2018 Monograph ( Printed materials)

 

Arrupe Library. PO Box MP320 Mt Pleasant, Harare, Zimbabwe
263 242 745411|librarian@aju.ac.zw